00772nam a22002297a 4500008004100000020001900041020001500060050002500075100002100100245013700121250001300258260005300271300003300324500002000357650004200377650001600419700002000435700002300455700002400478700002000502700002000522160930b xxu||||| |||| 00| 0 eng d a9781886775565  a1886775567 aRC 952.55b.R48 2011 aReuben, David B  aGeriatrics at your fingertips/cDavid B. Reuben, Keela A. Herr, James T. Pacala, Bruce G. Pollock, Jane F. Potter and Todd P. Semla. a13th ed. aNew York : bAmerican Geriatrics Society,c2011. ax, 354p. :b ill. ;c 18cm. aIncludes index. aGeriatrics xhandbooks, manuals, etc. aGeriatrics. aHerr, Keela A.  aPacala, James T.  aPollock, Bruce G.  aPotter, Jane F. aSemla, Todd P.